[Event "CRO-chT2b"]
[Site "Croatia"]
[Date "2009.11.08"]
[Round "11"]
[White "Petrov, Tomislav"]
[Black "Jovicic, Miodrag"]
[Result "1-0"]
[WhiteElo "1941"]
[BlackElo "1997"]
[PlyCount "137"]
[EventDate "2009.03.01"]
[EventType "team-tourn"]
[EventRounds "11"]
[EventCountry "CRO"]
[SourceTitle "EXT 2011"]
[Source "ChessBase"]
[SourceDate "2010.11.26"]
[SourceVersion "1"]
[SourceVersionDate "2010.11.26"]
[SourceQuality "1"]

1. e4 e5 2. Nf3 Nc6 3. Bb5 a6 4. Bxc6 dxc6 5. 0-0 Bg4 6. h3 Bxf3 7. Qxf3 Qf6 8. Qg3 0-0-0 9. d3 h6 10. Nc3 g5 11. Ne2 Ne7 12. Qg4+ Kb8 13. Ng3 Qg6 14. Bd2 Qe6 15. Qxe6 fxe6 16. Bc3 Ng6 17. Ne2 Bc5 18. g3 Rhf8 19. Kg2 Rf7 20. Bd2 Rdf8 21. Be3 Bxe3 22. fxe3 Rxf1 23. Rxf1 Rxf1 24. Kxf1 Kc8 25. Ng1 Kd7 26. Nf3 Kd6 27. Nh2 Ke7 28. Ng4 h5 29. Nh2 Kf6 30. g4 h4 31. Nf3 Nh8 32. Ke2 Nf7 33. b4 b6 34. Kd2 Ke7 35. Kc3 Kd6 36. Nd2 c5 37. bxc5+ Kxc5 38. d4+ Kc6 39. Kc4 b5+ 40. Kd3 Kd6 41. c4 c5 42. cxb5 axb5 43. Nf3 Kc6 44. Kc3 b4+ 45. Kb3 Kb5 46. dxc5 Kxc5 47. Ne1 Nd6 48. Nd3+ Kb5 49. Nxb4 Nxe4 50. Nd3 Nd2+ 51. Kc3 Nf1 52. Nxe5 Nxe3 53. Nf3 Kc5 54. Nxg5 Kd5 55. Kd3 Ng2 56. Ke2 e5 57. Kf3 Nf4 58. a4 Nd3 59. a5 Nc5 60. Ke3 e4 61. Nf7 Ke6 62. Nh6 Ke5 63. Nf5 Na6 64. Nxh4 Nb4 65. Ng6+ Kd5 66. Nf4+ Ke5 67. Ne2 Nd5+ 68. Kd2 Kf6 69. Nc3 1-0

[Event "CRO-chT2b"]
[Site "Croatia"]
[Date "2009.03.08"]
[Round "4"]
[White "Jovicic, Miodrag"]
[Black "Bedic, Zeljko"]
[Result "1/2-1/2"]
[WhiteElo "1991"]
[BlackElo "2169"]
[PlyCount "120"]
[EventDate "2009.03.01"]
[EventType "team-tourn"]
[EventRounds "11"]
[EventCountry "CRO"]
[SourceTitle "EXT 2010"]
[Source "ChessBase"]
[SourceDate "2010.11.25"]
[SourceVersion "1"]
[SourceVersionDate "2010.11.25"]
[SourceQuality "1"]

1. e4 e6 2. d4 d5 3. Nd2 Nf6 4. e5 Ne4 5. Bd3 Nxd2 6. Bxd2 c5 7. c3 Qb6 8. Nf3 h6 9. Rb1 Nc6 10. dxc5 Bxc5 11. 0-0 a6 12. b4 Be7 13. a4 Qc7 14. Qe2 Bd7 15. Rfe1 Rc8 16. a5 Na7 17. Nd4 Nc6 18. Qg4 g5 19. f4 h5 20. Qg3 g4 21. Rbc1 Qd8 22. Qe3 Rg8 23. Nxc6 Rxc6 24. Qd4 Qc8 25. c4 dxc4 26. Bxc4 b6 27. f5 bxa5 28. fxe6 fxe6 29. Qe4 axb4 30. Qh7 Rf8 31. Qxh5+ Kd8 32. Qxg4 Qc7 33. Bg5 Rf5 34. Bxe7+ Kxe7 35. h4 Be8 36. Re4 b3 37. Rb1 Rb6 38. Rxb3 Rxb3 39. Bxb3 Qb6+ 40. Kh2 Qxb3 41. Rc4 Qb8 42. Qg7+ Bf7 43. Re4 Qg8 44. Qxg8 Bxg8 45. Ra4 Rxe5 46. Rxa6 Bf7 47. g4 Re3 48. Ra7+ Kf8 49. h5 Kg7 50. h6+ Kxh6 51. Rxf7 Kg5 52. Rg7+ Kh4 53. Kg2 Rg3+ 54. Kf2 Rxg4 55. Re7 Rg6 56. Kf3 Kg5 57. Rf7 Rh6 58. Ke4 Rh1 59. Rf3 Kg4 60. Re3 Rh5 1/2-1/2